00676cam a2200181 a 450000100100000000500170001000800410002704000300006808200210009810000260011924501240014526000590026930000280032850400540035665000310041065100360044165000170047700001117920250224122025.0790125s1966 gt a b 000 0 spa d aDO-SdBNPbspacDLCdBNPHU a362.17291bG311a1 aGehlert Mata, Carlos.10aAnálisis y consideraciones sobre problemas sanitarios de Guatemala :bsus posibles soluciones /cCarlos Gehlert Mata. aGuatemala :bEditorial José de Pineda Ibarra,c1966. a199 p. :bil. ;c21 cm. aIncluye referencias bibliográficas: p. 197-199. 4aSalud públicazGuatemala 4aGuatemalaxCondiciones Sociales 0aSaneamiento